Лауреати Всеукраїнської літературної премії імені Володимира Сосюри: [Грабовський В. за добірку поезій " Високосне серце"; Сорока П. за " Янгол у шибці вагона" (Запис № 296347)

МАРК-запис
000 -Лідер
fixed length control field 00754nam a22001937a 4500
003 - Ідентифікатор контрольного номера
control field UA-OsUOA
001 - Контрольний номер
control field 10186
007 - Фіксоване поле фізичного опису
fixed length control field ta
008 - Елементи даних фіксованої довжини – загальна інформація
fixed length control field 20050105b un ||||| |||| 00| 0 ukr d
040 ## - Джерело каталогізації
Агенція оригінальної каталогізації UA-OsUOA
Мова каталогізації ukr
Агенція, яка здійснювала перезапис UA-OsUOA
Агенція, яка здійснювала модифікацію UA-OsUOA
041 ## - Код мови
Код мови тексту/ звукової доріжки чи окремого заголовка (П) ukr
044 ## - Код країни видавця/ виробника
Код країни видавця/ виробника (П) UA
245 ## - Відомості про назву
Назва (НП) Лауреати Всеукраїнської літературної премії імені Володимира Сосюри: [Грабовський В. за добірку поезій " Високосне серце"; Сорока П. за " Янгол у шибці вагона"
300 ## - Фізичний опис
Обсяг С.1
650 #7 - Додаткове предметне введення – тематичний термін
Тематичний термін чи географічна назва, як елемент введення (НП) Грабовський В.
Джерело заголовка чи терміна UDC
773 0# - Введення хост-одиниці (П)
Контрольний номер запису (П) 0
Назва (НП) Літературна Україна
Місце, видавець та дата видання (НП) Київ
-- 2004
Інформація про взаємозв’язок (П) №51 /30груд./
942 ## - Додаткові елементи входу (Коха)
Тип елемента Koha Стаття періодики
955 ## - Код типу видання за змістом
Код типу видання за змістом (НП) інше

Немає доступних примірників.